1559 1442 1864 1279 1861 1271 1543 1002 1837 1791 1232 1724 1531 1637 1826 1554 1952 1392 1748 1746 1770 1419 1049 1515 1576 1203 1026 1492 1906 1980 1100 1115 1530 1869 1179 1888 1631 1263 1729 1567 1083 1114 1698 1667 1737 1334 1180 1889 1958 1989 1371 1086 1182 1683 1127 1217 1020 1319 1939 1322 1633 1511 1105 1523 1157 1200 1387 1530 1637 1480 1464 1974 1028 1203 1279 1642 1181 1725 1554 1350 1759 1239 1838 1715 1984 1238 1893 1933 1506 1889 1661 1697 1685 1129 1668 1949 1030 1573 1958 BCNSPRNW ULIB Ver.6.0+V

เปลี่ยนเป็นภาษาไทย

Change to English
 แสดงรายละเอียดบรรณานุกรม
  กลับหน้าหลัก

Brief Record : Get Marc (ISO 2709) : E-mail record : QR code < ปิดหน้าต่าง
LEADER : 00000nam 2200000uu 4500
001    13399108887
003     ULIB
008    110316s||||||||th 000 0 tha d
020    9746438441
024    978974643445 ล.2
060 04 WY20.5^bส551ว 2548 ล.2
245 00 เอกสารการสอนชุดวิชาสารสนเทศและการวิจัยทางการพยาบาล หน่วยที่ 6-10=^bNursing informatics and nursing research /^cสาขาวิชาพยาบาลศาสตร์ มหาวิทยาลัยสุโขทัยธรรมาธิราช
246 30 สารสนเทศและการวิจัยทางการพยาบาล
246 31 Nursing informatics and nursing research
250    พิมพ์ครั้งที่ 3
260    นนทบุรี :^bสำนักพิมพ์มหาวิทยาลัยสุโขทัยธรรมาธิราช,^c2548
300    เล่ม 2= 346 หน้า :^bภาพประกอบ
500    "เอกสารการสอนชุดวิชา 51206 หน่วยที่ 1-5,11-15"--หน้าปกใน
500    สิ่งพิมพ์ของมหาวิทยาลัยสุโขทัยธรรมาธิราชสาขาวิชาพยาบาลศาสตร์
650  7 การพยาบาล^xวิจัย
650  7 สารสนเทศทางการพยาบาล
710 2  มหาวิทยาลัยสุโขทัยธรรมาธิราช. ^bสาขาวิชาพยาบาลศาสตร์
945    ^p170^l0^i017635
945    ^p170^l0^i018573
945    ^p170^l0^i018571
945    ^p170^l0^i017634
995    เกษร
999    ^aใช้งานได้ทุกระบบ
รายการนี้ยังไม่มีแท็ก
คุณยังไม่ได้ล็อกอิน คุณสามารถมีกิจกรรมร่วมกับเว็บไซต์ได้ แต่ต้องล็อกอินก่อน ::
  ล็อกอิน

รายการสื่อสารสนเทศ

ลำดับที่ ประเภท เลขเรียก/บาร์โค้ด สถานที่ สถานะ
- ไม่พบข้อมูล -

รายการใกล้เคียง
    หัวเรื่อง [สารสนเทศทางการพยาบาล]

BibComment


ยังไม่เคยถูกคอมเมนท์

คอมเมนท์ทรัพยากรรายการนี้
  คอมเมนท์: เอกสารการสอนชุดวิ..


 Copyright 2026. Bcnsprnw @Library